000 00851nam a22002417a 4500
005 20140406130247.0
008 140406t1983 xxueo frb f001 0 eng d
020 _a069102393X
020 _a9780691023939
082 0 4 _222
_a624.2
_bBIL
100 1 _aBillington, David P.
_935894
245 1 4 _aThe tower and the bridge :
_bthe new art of structural engineering /
_cDavid P. Billington.
260 _aPrinceton, United States :
_bPrinceton University Press,
_cc.1983.
300 _axx, 306 p. :
_bphotographs, plans ;
_c24 cm.
500 _aIndex : p. 277-294.
504 _aBibliography : p. 295-306.
650 0 _95305
_aStructural engineering
650 0 _935895
_aTowers
_xDesign and construction
650 0 _911953
_aBridges
_xDesign and construction
653 _bENGARC
_cApril2014
655 _vreading book
_934232
942 _2ddc
_k624.2 BIL
999 _c18213
_d18185